La libertad del comercio en la Nueva España en la segunda década del siglo XIX /

Guardado en:
Bibliografiske detaljer
Hovedforfatter: Silva Herzog, Jesús (dirección)
Format: Bog
Sprog:spansk
Udgivet: México : Secretaría de Hacienda y Crédito Público, Dirección de Estudios Financieros, 1943
Tags: Tilføj Tag
Ingen Tags, Vær først til at tagge denne postø!

MARC

LEADER 00000nam^a2200000^a^4500
001 000426703
005 20250526000000.0
009 20260310122748.655
037 |a Acervo ITESO - Biblioteca 
041 |a ESP 
091 |a FHM. 02865 
100 |a Silva Herzog, Jesús  |e (dirección) 
245 1 3 |a La libertad del comercio en la Nueva España en la segunda década del siglo XIX / 
264 1 |a México :  |b Secretaría de Hacienda y Crédito Público, Dirección de Estudios Financieros,  |c 1943 
300 |a 201 p. ;  |c 22.5 cm. 
336 |a texto  |b txt  |2 rdacontenido 
337 |a sin mediación  |b n  |2 rdamedio 
338 |a volumen  |b nc  |2 rdasoporte 
649 |a XX 
910 |a Fondo Hugo B. Margáin 
920 |a Impresos - Libros 
930 |a Libros Antiguos y Raros 
905 |a 126 
901 |a 0500341191  |b IT2  |c LRA  |i D107469  |u 20250526 
902 |a https://opac.biblio.iteso.mx/vufind/Record/000426703